000 00348 a2200169 4500
001 169791
020 _a85-16-02725-2
040 _cMagnum
100 _aBandeira, Pedro
240 1 0 _aO par de tĂȘnis
_lpor
245 1 0 _aO par de tĂȘnis
300 _a46
362 0 _a2001
440 1 _aModerna
697 _aLITERATURA JUVENIL
942 _cBK
999 _c169791
_d169791